000 02487nam a22003017a 4500
001 8081
003 FISKH
005 20250821162255.0
008 250821b cb ||||| |||| 00| 0 eng d
020 _a9789996301827
040 _aFISKH
_bkhr
_cFISKH
_dFISKH
050 _aPZ7
082 _a800
100 _aPisey, Pol
245 _aនាងតុកកែ​ :
_bThe geckos /
_cនិពន្ធដោយ អ្នកស្រី ប៉ុល ពិសី : កែសម្រួលដោយ អ្នកស្រី គឺមស៊ុន សុធារី
260 _aPhnom Penh :
_bReading Book ,
_c2013.
300 _a25 pages :
_bcolor illustrations ;
_c17 X 25 cm .
505 _aK
520 _aរូសាជាតុកកែក្រមុំស្រស់ស្អាតម្នាក់ដែលមិនដែលដុសអនាម័យខ្លួនឯងឡើយ។ តុកកែផ្សេងទៀត នៅក្នុងភូមិមិនតែចូលចិត្តនាងប៉ុណ្ណោះទេ ប៉ុន្តែក៏សើចនាងផងដែរ។ ដូច្នេះ នាងមានអារម្មណ៍សោកស្តាយ ហើយទៅយំម្នាក់ឯង។ បន្ទាប់មក មិត្តរបស់នាងឈ្មោះ សាន់នី បានជួយផ្លាស់ប្តូរអារម្មណ៍របស់នាង និងឲ្យដំបូន្មានអំពីការថែទាំខ្លួន និងរបៀបរស់នៅ។ ដូច្នេះ រូសា បានក្លាយជាតុកកែថ្មីមួយដែលស្អាតណាស់ និងមានអារម្មណ៍ទាក់ទាញចំពោះតុកកែកំលោះៗ។
520 _aRosa was a virgin gecko who had never cleaned up herself. The young fellow geckoes as well as the other geckos in the village were not only fond of her but also tease her, so she felt upset and cried lonely. Then her friend, Sunny, helped her change the feeling and gave advice about her self-care and lifestyle so that Rosa became a new gecko who was very beautiful and attractive to the young fellow geckos .
521 8 _a510
_bLexile estimate
521 8 _aK
_bRaz-Plus
650 _aតុកកែ
650 _aGecko
700 _aSaren, Kam
_eIllustrator
942 _2ddc
_cKHB
_n0
999 _c8081
_d8081